EVIDENCE BASED MANAGEMENT OF CANCERS IN INDIA : GUIDELINES FOR ACUTE LEUKEMIAS PART-A (Record no. 1729)

MARC details
000 -LEADER
fixed length control field 00408nam a2200145Ia 4500
008 - FIXED-LENGTH DATA ELEMENTS--GENERAL INFORMATION
fixed length control field 150201s2011 xx 000 0 und d
082 ## - DEWEY DECIMAL CLASSIFICATION NUMBER
Classification number 616.994
Item number E11M
100 ## - MAIN ENTRY--PERSONAL NAME
Personal name MENON, HARI
245 ## - TITLE STATEMENT
Title EVIDENCE BASED MANAGEMENT OF CANCERS IN INDIA : GUIDELINES FOR ACUTE LEUKEMIAS PART-A
250 ## - EDITION STATEMENT
Edition statement 1ST
260 ## - PUBLICATION, DISTRIBUTION, ETC. (IMPRINT)
Name of publisher, distributor, etc. TATA MEMORIAL HOSPITAL
Place of publication, distribution, etc. MUMBAI
Date of publication, distribution, etc. 2011
300 ## - PHYSICAL DESCRIPTION
Extent 1-238
650 ## - SUBJECT ADDED ENTRY--TOPICAL TERM
Topical term or geographic name as entry element CANCER
942 ## - ADDED ENTRY ELEMENTS (KOHA)
Source of classification or shelving scheme Dewey Decimal Classification
Koha item type Books
Holdings
Withdrawn status Lost status Source of classification or shelving scheme Damaged status Not for loan Collection code Home library Current library Shelving location Date acquired Source of acquisition Serial Enumeration / chronology SGTU Total Checkouts Full call number Barcode Date last seen Bill Date Koha item type
    Dewey Decimal Classification   Not For Loan MEDICAL SGT Medical Library SGT Medical Library Reference Book 23/01/2014 COMP. X SGTU   616.994 E11M FM5971 09/02/2015 20/03/2014 Books